LEADER 01863nam a2200205 i 4500 001 000000001438 003 CaOOAMICUS 005 20180830125434.0 008 180830n it u000 u ita u 040 $aSeMil$bita 100 1 $aD'Annunzio, Gabriele,$d<1863-1938>.$0(OLS)http://semarc/name/1300 245 10$aProse di ricerca, di lotta, di comando, di conquista, di tormento, d'indovinamento, di rinnovamento, di celebrazione, di rivendicazione, di liberazione, di favole, di giochi, di baleni /$cGabriele D'Annunzio. 260 $aMilano :$bArnoldo Mondadori Editore,$c[1950?] 300 $av. ;$c20 cm. 773 0 $aD'Annunzio, Gabriele <1863-1938>$tTutte le opere di Gabriele d'Annunzio.$d[Milano] : Arnoldo Mondadori Editore, [19--?]$kClassici contemporanei italiani$w()18158 774 0 $aD'Annunzio, Gabriele <1863-1938>$tVenturiero senza ventura ; Il secondo amante di Lucrezia Buti ; Il compagno dagli occhi senza cigli ; Cento e cento e cento e cento pagine del libro segreto di Gabriele d'Annunzio tentato di morire.$kClassici contemporanei italiani$g2$w()39477 774 0 $aD'Annunzio, Gabriele <1863-1938>$tArmata d'Italia ; La vita di Cola di Rienzo ; Contemplazione della morte ; L'allegoria dell'autunno ; Le dit du sourd et muet ; Teneo te Africa ; Solus ad solam.$b4. Ed.$kClassici contemporanei italiani$g3$w()39478 774 0 $aD'Annunzio, Gabriele <1863-1938>$tPer la pił grande Italia ; Notturno ; Il libro ascetico della giovane Italia ; Il sudore di sangue ; L'urna inesausta.$kClassici contemporanei italiani$g1$w()39479 996 $6245$aProse di ricerca, di lotta, di comando, di conquista, di tormento, d'indovinamento, di rinnovamento, di celebrazione, di rivendicazione, di liberazione, di favole, di giochi, di baleni$9(OLS)http://semarc/title/2319 996 $6260$aMilano :$bArnoldo Mondadori Editore$9(OLS)http://semarc/publisher/30056 LEADER 01679nam a2200361 i 4500 001 000000195660 003 CaOOAMICUS 005 20101222000000.0 008 101222s2009 it u000 u ita u 013 $a174339 020 $a978-88-382-4117-8 040 $aSeMil$bita 100 0 $aPaulus VI,$c.$0(OLS)http://semarc/name/803 245 10$aScritti liturgici :$briflessioni, appunti, saggi (1930-1939) /$cGiovanni Battista Montini ; a cura di Inos Biffi. 260 $aRoma :$bStudium,$c2009. 260 $aBrescia :$bIstituto Paolo 6.,$c2009. 300 $a298 p. ;$c25 cm. 490 0 $aQuaderni dell'Istituto ;$v31 650 4$aPaolo VI - Scritti, discorsi, omelie, lettere pastorali, etc.$0(OLS)http://semarc/subject/499 650 4$aPaolo VI - Liturgia.$0(OLS)http://semarc/subject/9933 700 1 $aBiffi, Inos,$c.$0(OLS)http://semarc/name/282 830 0$aQuaderni dell'Istituto / Paolo 6. ;$v31.$0(OLS)http://semarc/title/18 850 $aSeMil 852 $aSeMil$W1$xVenegono$y1$m2A IV 281$j146229$B146229$CSeMilBibl$Z2$F157713 $81 900 1 $aMontini, Giovanni Battista,$d<1897-1978>. 900 0 $aPaolo VI$c. 961 $aOmaggio: Istituto Paolo 6. 996 $6020$a978-88-382-4117-8$9(OLS)http://semarc/number/187423 996 $6245$aScritti liturgici :$briflessioni, appunti, saggi (1930-1939)$9(OLS)http://semarc/title/282366 996 $6260$aBrescia :$bIstituto Paolo 6.$9(OLS)http://semarc/publisher/29616 996 $6260$aRoma :$bStudium$9(OLS)http://semarc/publisher/29617